Les Charpentes en bois, (Record no. 22332)
[ view plain ]
| 000 -LEADER | |
|---|---|
| fixed length control field | 00373cam a2200145u 4500 |
| 040 ## - CATALOGING SOURCE | |
| Transcribing agency | CarP |
| 082 ## - DEWEY DECIMAL CLASSIFICATION NUMBER | |
| Classification number | LES YVE 1983 C260 Or. |
| 100 1# - MAIN ENTRY--AUTHOR NAME | |
| Personal name | Gasc, Yves, |
| 245 14 - TITLE STATEMENT | |
| Title | Les Charpentes en bois, |
| 260 ## - PUBLICATION, DISTRIBUTION, ETC. (IMPRINT) | |
| Place of publication | Paris, |
| Name of publisher | Eyrolles, |
| Year of publication | 1983. |
| 300 ## - PHYSICAL DESCRIPTION | |
| Number of Pages | 336 p. |
| Other physical details | illus., plates. |
| Dimensions | 25 cm. |
| 650 #0 - SUBJECT ADDED ENTRY--TOPICAL TERM | |
| Topical Term | Carpentry. |
| 700 1# - ADDED ENTRY--PERSONAL NAME | |
| Personal name | Delporte, Robert, [from old catalog] |
| 942 ## - ADDED ENTRY ELEMENTS (KOHA) | |
| Koha item type | ADB |
| 952 ## - LOCATION AND ITEM INFORMATION (KOHA) | |
| Withdrawn status [LOCAL, KOHA] | 0 |
| Permanent Location | Date acquired | Koha item type | Lost status | Shelving location | Barcode | Current Location | Full call number |
|---|---|---|---|---|---|---|---|
| Library Block C | 2023-12-05 | ADB | C260 | a10021 | Library Block C | LES YVE 1983 C260 Or. |